Le pays d'Asie où... - Statistiques

Statistiques générales
  • Ce quiz a été pris 111 fois
  • Le résultat moyen est 6 sur 15
Statistiques - réponses
Pays d'Asie où... Pays % Correct
Il y a le plus d'habitant Chine
100%
Il y a la plus grande superficie (La Russie ne compte pas) Chine
80%
La densité de population est la plus faible Mongolie
75%
La densité de population est la plus forte Singapour
66%
Se trouve la cité nabatéenne Pétra Jordanie
59%
Il y a le plus de détenu Chine
44%
fut cédé au Japon, par le traité de Shimonoseki en 1895 Taiwan
37%
Il y a le moins d'habitant Maldives
32%
il y a une superficie de 5 765 km2 Brunei
20%
le seul pays musulman dont le courant dominant n'est ni le sunnisme ni le chiisme Oman
15%
Il y a le moins de détenu Timor Oriental
13%
Naquit Mohammad Najibullah Afghanistan
9%
Il y a un club de foot s'appelant Istiqlol Tadjikistan
4%
Il y a le plus de suicide (en Taux) Sri Lanka
2%
Le gouvernement adopte une politique de neutralité Turkmenistan
1%
Aucun quiz correspondant
Distribution des résultats
% des personnes avec chaque résultat
Percentile par nombre de réponses
Votre historique - résultats
Vous n’avez pas pris ce quiz